000
00183nam a2200073Ia 4500
008
170523s9999 xx 000 0 und d
100
_a
Lehpamer- Harvey
245
0
_a
Microwave Transmission Networks
260
_a
T.M.H.
999
_c
12240
_d
12240